000 00995aam a2200325 i 4500
999 _c46204
_d46204
001 768714001
003 CO-MdFUSB
005 20201028170911.0
007 ta
008 200519t1961 enka|||| |||| 00| 0 eng d
020 _a[No incluye ISBN]
040 _bspa.
_aCO-MdFUSB
_cCO-MdFUSB
_dCO-MdFUSBC
_erda
041 _aeng
082 _223
_a231
_bJ662
100 _aJohnson, Aubrey Rodway
_eautor
245 1 4 _aThe one and the many in the Israelite conception of God
_c/ Aubrey R. Johnson
250 _aSegunda edición
264 1 _aCardiff, Wales :
_bUniversity of Wales Press,
_c[1961]
264 4 _c© 1961
300 _a45 páginas
_c; 23 cm
336 _atexto
_btxt
_2rdacontent
337 _2rdamedia
_asin mediación
_bn
338 _2rdacarrier
_avolumen
_bnc
505 _aUn estudio de lo uno y lo múltiple en la concepción israelita de Dios
563 _aPasta dura
650 7 _9395
_aDios
_xTeología
942 _cBK
945 _aJTF-925